00592nam a2200181 i 4500001000300000100003000003245005600033260003100089300002600120504002600146650004300172020001500215040000800230041000700238080002600245008004100271856009800312bg1 aSobczak, Jacekd(1946- ).10aUstawa prawo prasowe :bkomentarz /cJacek Sobczak. aWarszawa :b"Muza",c1999. a410, [6] s. ;c21 cm. aBibliogr. s. 401-411. 9aPrawo prasowezPolskaystan na 1999 r. a8372005028 cBPK0 apl a351.751:050+070](438) s pl f |000 0 pol  uhttp://koha.tu.koszalin.pl/cgi-bin/koha/opac-detail.pl?biblionumber=37650yKatalog online BPK